000
00218nam a2200085Ia 4500
008
230915s9999 xx 000 0 und d
050
_a
SB176 .E27 K65 1979
245
0
_a
CLASSIFICATION OF EAST AFRICAN CROPS
942
_c
BK
999
_c
201715
_d
201715